=LDR 00000nam 2200000 4500 =001 INLIS000000000054252 =005 20200109083734 =035 ##$$a 0010-0120000030 =007 ta =008 200109###########################0#ind## =020 ##$$a 978-602-53031-0-4 =082 ##$$a 899.221 3 =084 ##$$a 899.221 3 ANZ s =100 #$$a Anzilia =245 1#$$a Senandung Pingitan Untuk Sekar /$c Anzilia =260 ##$$a Wonosobo :$b BitiJaya,$c 2018 =300 ##$$a vii, 160 hlm. ; $c 21 Cm. =650 ##$$a Fiksi Indonesia =990 ##$$a 01170117 =990 ##$$a 21900549 =990 ##$$a 01180118 =990 ##$$a 01180118 =990 ##$$a 01180118 =990 ##$$a 21900550 =990 ##$$a 21900549 =990 ##$$a 1202000119 =990 ##$$a 1202000120 =990 ##$$a 21900551 =990 ##$$a 21900549 =990 ##$$a 21900550 =990 ##$$a 1202000120 =990 ##$$a 21900552 =990 ##$$a 21900549 =990 ##$$a 21900550 =990 ##$$a 21900551